| 000 | 00898cab a2200361 4500 | ||
|---|---|---|---|
| 001 | X1194 | ||
| 008 | 090401t1993 xxu||||| |||| 00| 0 eng d | ||
| 035 | _a(Sirsi) u15376 | ||
| 041 | _aeng | ||
| 100 | _aCrofts, J. | ||
| 245 | _aFacing up to the hard times | ||
| 260 | _c1993 | ||
| 350 | _a0 | ||
| 490 |
_aChartered Quantity Surveyor _v16(3) November 1993, 11-13(3) |
||
| 650 | _aBUILDAX | ||
| 650 | _aBUTTRESS | ||
| 650 | _aCLIENT | ||
| 650 | _aCOMPUTERS | ||
| 650 | _aCONSTRUCTION INDUSTRY COMPUTER EXHIBITION | ||
| 650 | _aCSSP | ||
| 650 | _aEMIIS | ||
| 650 | _aEVEREST | ||
| 650 | _aFCG COMPUTER SYSTEMS | ||
| 650 | _aICEPAC | ||
| 650 | _aINTERFACE | ||
| 650 | _aRIPAC | ||
| 650 | _aSOFTWARE | ||
| 650 | _aWINDOWS | ||
| 690 | _aMANAGEMENT-BUSINESS MANAGEMENT-INFORMATION MANAGEMENT | ||
| 690 |
_aQuantity surveying _96263 |
||
| 942 | _n0 | ||
| 948 | _c04/03/1997 | ||
| 999 |
_c10077 _d10077 |
||